000
00313nam a2200109Ia 4500
008
171211s9999 xx 000 0 und d
245
_a
Wrong Sex, Wrong Instrument
245
_c
Christopher Morley and Maggie Cotton
260
_c
2011
650
_x
music
856
_u
http://down.ebook777.com/063/9781785384844.pdf
999
_c
348616
_d
348616